[Event "GER-chT U16"]
[Site "Magdeburg"]
[Date "2023.12.29"]
[Round "6.6"]
[White "Berresheim, Nils"]
[Black "Holzwarth, Felix"]
[Result "1-0"]
[WhiteElo "1772"]
[BlackElo "1774"]
[PlyCount "71"]
[EventDate "2023.12.26"]
[EventType "team-swiss"]
[EventRounds "7"]
[EventCountry "GER"]
[SourceTitle "CB03_2024"]
[SourceDate "2024.01.17"]
[SourceVersion "1"]
[SourceVersionDate "2024.01.17"]
[SourceQuality "1"]
[WhiteTeam "Essen Katernberg"]
[BlackTeam "Porz SG"]
[WhiteTeamCountry "GER"]
[BlackTeamCountry "GER"]

1. d4 d5 2. c4 e6 3. Nc3 Be7 4. cxd5 exd5 5. Bf4 Nf6 6. e3 Bf5 7. Qb3 Nc6 8. Qxb7 Nb4 9. Bb5+ Kf8 10. Rc1 a6 11. Be2 Nc2+ 12. Rxc2 Bxc2 13. Nf3 Rb8 14. Qxa6 Rxb2 15. 0-0 Bb4 16. Nb5 Ne8 17. Ne5 Bf5 18. Nc6 Qc8 19. Qa4 Bc2 20. Qa7 Kg8 21. Nxb4 Rxb4 22. Qc5 Rb2 23. Na7 Qe6 24. Nc6 h6 25. Qc3 Rb6 26. Nd8 Qd7 27. Qxc2 Qxd8 28. Bf3 g6 29. Qc5 c6 30. e4 Nf6 31. exd5 cxd5 32. Bc7 Nd7 33. Bxd8 Nxc5 34. Bxb6 Na4 35. Bc7 Nc3 36. Re1 1-0